000 02060cam a22005054i 4500
003 PE-LiUPU
005 20250731173044.0
008 171227s2011 txua rb 001 0 eng d
020 _a9781602584228
035 _a(Sirsi) a240726
040 _aPE-LiUPU
_bspa
_cPE-LiUPU
_erda
049 _aPRUA
082 0 4 _a277.308996073
_bT87
_223
100 1 _aTucker-Worgs, Tamelyn,
_eautor.
245 1 4 _aThe Black megachurch :
_btheology, gender, and the politics of public engagement /
_cTamelyn N. Tucker-Worgs.
264 1 _aTexas :
_bBaylor University Press;
_c2011.
300 _aXIX, 255 páginas :
_bilustraciones ;
_c23 centímetros
336 _atext
_2rdacontent
337 _aunmediated
_2rdamedia
338 _avolume
_2rdacarrier
504 _aBibliografía : páginas 223-238.
504 _aÍndice : páginas 239-255.
505 0 _aAnswering the knock at midnight -- "Get on board little children, there's room for many more": the Black megachurch phenomenon -- Theological orientation as motive to Black megachurch public engagement -- "Progress not protest": Black megachurches and communtiy development -- Dual gendered spheres and public engagement in Black megachurches: women carving out space to make a difference -- Black megachurches and Black politics in the twenty-first century.
526 _aSEG42
526 _aSEG41
526 _aSEG40
526 _aSEG39
526 _aP94
526 _aP87
526 _aP86
526 _aP85
526 _aP77
526 _aP76
526 _aP35
650 0 4 _aAfrican American churches.
650 0 4 _aBig churches.
650 0 4 _aIglesias afroamericanas.
650 0 4 _aGrandes iglesias
910 _adbm
_bksl
_cksl
_d20171227
942 _2ddc
_cBOOK
994 _aC0
_bPEPRU
596 _a1
999 _a277.308996073 T87
_wLC
_c26411
_i77740
_f2021-11-11
_g4
_lCCODEBUL1
_mBUL
_p27.89
_r0
_sY
_tBOOK
_u2017-12-27
_xTEOLOGIA
_PP85
_0DONACION
_o.STAFF. Colección Teología
_d26411
980 _81
_gALBERTO SANCHEZ Responsable de Automatización